Násilie a racionalita v kontexte ekologickej krízy

Vymedzenie pojmu ekologická kríza. Ekologická kríza a násilie. Devastácia prírody.

Salvato in:
Dettagli Bibliografici
Autore principale: Lesňák, Slavomír
Natura: Capitolo di libro
Lingua:slovacco
Soggetti:
Tags: Aggiungi Tag
Nessun Tag, puoi essere il primo ad aggiungerne!!

MARC

LEADER 00000naa$a2200000$$$4500
001 0056194
005 20250520125832.5
041 0 |a slo 
044 |a SK 
245 1 0 |a Násilie a racionalita v kontexte ekologickej krízy  |c Slavomír Lesňák 
520 |a Vymedzenie pojmu ekologická kríza. Ekologická kríza a násilie. Devastácia prírody. 
610 2 0 |a kríza 
610 2 0 |a kríza environmentálna 
610 2 0 |a ekológia 
610 2 0 |a kultúra 
610 2 0 |a príroda 
610 2 0 |a podmienky životné 
610 2 0 |a filozofia 
100 1 |a Lesňák, Slavomír